000 01252nam a2200313Ia 4500
001 ebr10323155
003 CaPaEBR
006 m u
007 cr cn|||||||||
008 090410s2009 mau sb 001 0 eng d
010 _z 2009013394
020 _z9780470057810 (cloth)
020 _z9780470057841 (pbk.)
040 _aCaPaEBR
_cCaPaEBR
035 _a(OCoLC)587403255
050 1 4 _aRC560.S47
_bC64 2009eb
245 0 0 _aCognitive approaches to the assessment of sexual interest in sexual offenders
_h[electronic resource] /
_cedited by D. Thornton and D. R. Laws.
260 _aMalden, MA :
_bJohn Wiley & Sons,
_c2009.
300 _axiii, 236 p.
504 _aIncludes bibliographical references and index.
533 _aElectronic reproduction.
_bPalo Alto, Calif. :
_cebrary,
_d2009.
_nAvailable via World Wide Web.
_nAccess may be limited to ebrary affiliated libraries.
650 0 _aSex offenders
_xResearch.
650 0 _aChild molesters
_xResearch.
655 7 _aElectronic books.
_2local
700 1 _aThornton, D.
_q(David)
700 1 _aLaws, D. Richard.
710 2 _aebrary, Inc.
856 4 0 _uhttp://site.ebrary.com/lib/rucke/Doc?id=10323155
_zAn electronic book accessible through the World Wide Web; click to view
999 _c75306
_d75306